Geschichte des Eurovision Song Contest - Statistiken

Allgemein
  • Dieses Quiz wurde 548 mal gespielt
    110 seit der letzten Aktualisierung
  • Das Durchschnittsergebnis liegt bei 22 aus 29
Antwortstatistiken
Jahr Hinweis Antwort % Korrekt
1956 Austragendes und gewinnendes Land des ersten ESC Schweiz
95%
1974 Diese schwedische Band gewinnt ABBA
92%
Deutschland
90%
Frankreich
90%
2015 Dieses nicht-europäische Land wird zum Contest eingeladen Australien
88%
1969 Mehrere Länder gewinnen. Wie viele? 4
87%
Sieger (Land) Österreich
87%
1994 Dieses Land gewinnt zum dritten Mal in Folge Irland
85%
1988 Diese kanadische Sängerin gewinnt für die Schweiz Celine Dion
84%
2006 Diese finnische Band gewinnt überraschenderweise Lordi
81%
2025 Austragende Stadt Basel
80%
Sieger (Sänger/in) JJ
80%
Italien
79%
2023 Diese schwedische Sängerin gewinnt zum zweiten Mal Loreen
79%
1986 Die belgische Sängerin Sandra Kim behauptet in ihrem Song, sie sei 15 Jahre alt. Eigentlich war sie jedoch zu diesem Zeitpunkt... 13
78%
2000 Frankreich, Italien, Spanien, Deutschland und Grossbritannien werden ab diesem Jahr stets direkt für das Finale qualifiziert. Man nennt sie auch... Big 5
78%
Luxemburg
78%
Die anderen 6 Länder, die im ersten Jahr teilnahmen Belgien
71%
Niederlande
71%
Sieger (Song) Wasted Love
70%
2004 Dieses Konzept wird eingeführt, um die Anzahl der teilnehmenden Länder in einem angemessenen Rahmen zu halten Halbfinale
68%
2020 Erstmals wird der ESC abgesagt. Er hätte in dieser Stadt stattfinden sollen Rotterdam
68%
???? In diesem Jahr wurde der Song Contest zum ersten Mal in Farbe ausgestrahlt 1968
67%
2024 Aufgrund schwerer Vorwürfe bezüglich eines Zwischenfalls wird dieser niederländische Sänger kurz vor dem Finale disqualifiziert Joost Klein
67%
1987 Dieser irische Sänger gewinnt den Song Contest zum zweiten Mal Johnny Logan
60%
1980 Das Land, das nur einmal teilnahm Marokko
59%
Erster Siegersong Refrain
42%
2009 Dieses Land zieht seine Teilnahme zurück, da sein Song "We Don't Wanna Put In" wegen seiner politischen Botschaft nicht akzeptiert wird Georgien
41%
Erste/r Sieger/in Lys Assia
41%
Keine übereinstimmenden Quizze gefunden
Verteilung der Resultate
Anzahl Personen mit jedem Resultat
Perzentil nach korrekt beantworteten Fragen
Ihre Resultats-Entwicklung
Sie haben dieses Quiz seit der letzten Aktualisierung nicht gespielt